Language Quiz

Random Language Quiz

Aeneid Lines 1-11 Quiz Stats

 Plays Quiz not verified by Sporcle

Also try: French: Time
Challenge
Share
Tweet
Embed
Score 0/11 Timer 10:00
0 Plays Today
Hint Answer % Correct
Arma virumque cano, Troiae qui primus ab orisI sing of arms and a man, who first came to Italy from the coasts
100%
Italiam, fato profugus, Laviniaque venitof Troy, exiled by fate, and to Lavinian
100%
litora, multum ille et terris iactatus et altoshores, he having been tossed much by both land and sea
100%
vi superum saevae memorem Iunonis ob iram;by the will of the gods, on account of Juno's unforgetting anger;
75%
multa quoque et bello passus, dum conderet urbem,and also having suffered many wars, until he establishes a city,
50%
inferretque deos Latio, genus unde Latinum,and brings the gods to Latio, whence the Latin race,
50%
Albanique patres, atque altae moenia Romae.and the fathers of the Albans, and also the high walls of Rome.
50%
Musa, mihi causas memora, quo numine laeso, Muse, relate to me the causes, how with her divinity having been offended,
50%
quidve dolens, regina deum tot volvere casusor what she is angry with, the queen of the gods, to drive
50%
insignem pietate virum, tot adire laboresthe man distinguished for duty, to endure so many misfortunes, to encounter so many
25%
impulerit. Tantaene animis caelestibus irae?labors. Are there such great angers in the divine mind?
25%

You're not logged in!

Compare scores with friends on all Sporcle quizzes.
Join for Free
OR
Log In

You Might Also Like...

Show Comments

Extras

Created Jun 4, 2017ReportFavoriteNominate
Tags:aeneid

Top Quizzes Today


Score Distribution

Your Account Isn't Verified!

In order to create a playlist on Sporcle, you need to verify the email address you used during registration. Go to your Sporcle Settings to finish the process.

Report this User

Report this user for behavior that violates our Community Guidelines.

Details: